| 000 | 01673cam a22005894i 4500 | ||
|---|---|---|---|
| 003 | PE-LiUPU | ||
| 005 | 20250731170426.0 | ||
| 008 | 190305s2008 cl a r 000 0 spa d | ||
| 020 | _a9789877601312 | ||
| 020 | _a9877601311 | ||
| 035 | _a(Sirsi) a251896 | ||
| 040 |
_aPE-LiUPU _bspa _cPE-LiUPU _erda |
||
| 049 | _aPRUA | ||
| 082 | 0 | 4 |
_a153.94 _bM36 _221 |
| 100 | 1 |
_aMedrano, Leonardo, _eautor. |
|
| 245 | 1 | 0 |
_aManual de psicometría y evaluación psicológica / _cLeonardo Medrano, Edgardo Pérez. |
| 264 | 1 |
_aCórdoba : _bBrujas, _c2018. |
|
| 300 |
_a176 páginas : _bilustraciones ; _c25 centímetros. |
||
| 336 |
_atext _2rdacontent |
||
| 337 |
_aunmediated _2rdamedia |
||
| 338 |
_avolume _2rdacarrier |
||
| 505 | 0 | _aIntroducción a la psicometría: el desafio de medir | |
| 526 | _aSEG68 | ||
| 526 | _aSEG70 | ||
| 526 | _aSEG69 | ||
| 526 | _aSEG67 | ||
| 526 | _aSEG43 | ||
| 526 | _aP144 | ||
| 526 | _aP143 | ||
| 526 | _aP131 | ||
| 526 | _aP122 | ||
| 526 | _aP120 | ||
| 526 | _aP117 | ||
| 526 | _aP112 | ||
| 526 | _aP110 | ||
| 526 | _aP106 | ||
| 526 | _aP101 | ||
| 526 | _aP80 | ||
| 526 | _aP59 | ||
| 526 | _aP54 | ||
| 526 | _aP35 | ||
| 526 | _aP33 | ||
| 526 | _aP30 | ||
| 541 | _g002-00000791; | ||
| 650 | 0 | 7 |
_aPsicometría _2embucm |
| 650 | 0 | 7 |
_aEvaluación psicológica _2embucm |
| 700 | 1 |
_aPérez, Edgardo, _eautor. |
|
| 910 |
_adbm _bksl _cksl _d20190305 |
||
| 596 | _a1 | ||
| 942 |
_2ddc _cBOOK |
||
| 999 |
_a153.94 M36 _wDEWEY _c31160 _i80005 _lREPAIR _mBUL _r0 _sY _tBOOK _u2019-3-5 _xSALUD _zP33 _0COMPRA _1FCOMPR2 _d31160 |
||
| 980 |
_81 _gALBERTO SANCHEZ Responsable de Automatización |
||